| 000 | 00383nam a22001697a 4500 | ||
|---|---|---|---|
| 999 |
_c10679 _d10679 |
||
| 003 | OSt | ||
| 008 | 210614b ||||| |||| 00| 0 eng d | ||
| 082 | _a821.4 LAM | ||
| 100 | _aJOPHN,Dryden | ||
| 245 | _aMac Flecknoe | ||
| 250 | _a37th | ||
| 260 |
_aNew Delhi _bRama Brothers _c2020 |
||
| 300 | _a104 | ||
| 650 | _aBA Hon English | ||
| 700 | _aLALL,Ramji | ||
| 942 |
_2ddc _cBK _023 |
||